000
00307nam a22001337a 4500
008
250625b |||||||| |||| 00| 0 eng d
020
_a
NIL
050
_a
HD31
_b
.C56
100
_a
CIMA
245
_a
Management Stage 2
260
_a
London
_b
Financial Training Courses
_c
1988
300
_a
447p.
942
_c
CR
999
_c
3972
_d
3972